Formel 1 Podium 1951 - Statistiken

Allgemein
  • Dieses Quiz wurde 51 mal gespielt
  • Das Durchschnittsergebnis liegt bei 7 aus 12
Antwortstatistiken
Antwort % Korrekt
Alberto Ascari
100%
Fagioli / Fangio
100%
Gonzalez / Ascari
100%
Juan Manuel Fangio
100%
Bonetto / Farina
94%
Giuseppe Farina
94%
Jose Froilan Gonzalez
41%
Luigi Villoresi
24%
Piero Taruffi
24%
Lee Wallard
12%
McGrath / Ayulo
3%
Mike Nazaruk
3%
Keine übereinstimmenden Quizze gefunden
Verteilung der Resultate
Anzahl Personen mit jedem Resultat
Perzentil nach korrekt beantworteten Fragen
Ihre Resultats-Entwicklung
Sie haben dieses Quiz noch nicht gespielt